Music Quiz

Random Music or Singers Quiz

Lyrics: '4th of July, Asbury Park' - Bruce Springsteen Quiz Stats

Quiz not verified by Sporcle

Challenge
Share
Tweet
Embed
Score 0/300 Timer 13:00
0 Plays Today
LYRICS % Correct
the
98.6%
the town
98.6%
the
98.6%
the
98.6%
the
98.6%
the
98.6%
the
98.6%
the
98.6%
the
98.6%
the
98.6%
the
98.6%
the
98.6%
the
98.6%
I
98.6%
the
98.6%
the
98.6%
the
98.6%
I
98.6%
I
98.6%
I
98.6%
I
98.6%
the
98.6%
the
98.6%
the
98.6%
the
98.6%
the
98.6%
I
98.6%
the Kokomo.
98.6%
the
98.6%
a
97.2%
a
97.2%
to
95.8%
Sandy,
93%
[CHORUS]
93%
Sandy,
93%
me
93%
you
93%
for
93%
for
93%
ah, Sandy,
93%
me
93%
you
93%
me
93%
[CHORUS]
93%
Sandy,
93%
for
93%
me.
93%
for
93%
me
93%
you
93%
for
93%
do?
93%
For
93%
me
93%
[CHORUS]
93%
You
93%
are
90.1%
on
90.1%
on
90.1%
on
90.1%
on
90.1%
on
90.1%
are
90.1%
on
90.1%
on
90.1%
on
90.1%
on
90.1%
tonight,
88.7%
in
88.7%
boardwalk
88.7%
tonight
88.7%
in
88.7%
in
88.7%
boardwalk,
88.7%
boardwalk,
88.7%
in
88.7%
boardwalk
88.7%
this
87.3%
ah, they
87.3%
they
87.3%
girl
87.3%
they
87.3%
this
87.3%
this
87.3%
fireworks
84.5%
so
84.5%
And
84.5%
see
84.5%
of
84.5%
so
84.5%
And
84.5%
of
84.5%
And
84.5%
and
84.5%
And
84.5%
fire
84.5%
and
84.5%
And
84.5%
of
84.5%
and
84.5%
LYRICS % Correct
some
83.1%
all
83.1%
all
83.1%
some
83.1%
all
83.1%
all
83.1%
my
83.1%
us.
81.7%
night.
81.7%
night
81.7%
night,
81.7%
night
81.7%
over
80.3%
Oh, love
80.3%
out
80.3%
Little Eden
78.9%
their
78.9%
life
78.9%
their
78.9%
their
78.9%
their
78.9%
little
78.9%
too.
78.9%
behind
77.5%
got
77.5%
got
77.5%
last
77.5%
got
77.5%
last
77.5%
last
77.5%
Down
76.1%
down
76.1%
light
76.1%
down
76.1%
it
76.1%
it
76.1%
down
76.1%
Madam Marie
76.1%
through, babe.
76.1%
July.
74.6%
that
74.6%
that
74.6%
that
74.6%
with
73.2%
them
73.2%
never
73.2%
busted
73.2%
Them
73.2%
them
73.2%
them
73.2%
with
73.2%
she
73.2%
she
73.2%
She
73.2%
she
73.2%
with
73.2%
she
73.2%
them
73.2%
cops
73.2%
busted
73.2%
fortunes
73.2%
than
73.2%
those
71.8%
risin'
71.8%
may
71.8%
shirt
71.8%
her
71.8%
her
71.8%
her
71.8%
tellin'
71.8%
better
71.8%
scene,
71.8%
quit
71.8%
like
70.4%
again.
70.4%
like
70.4%
Didja
70.4%
boys
69%
get
69%
boys
69%
know
69%
caught.
69%
get
69%
carnival
67.6%
beach
67.6%
girls
67.6%
was
67.6%
said
67.6%
was
67.6%
beach
67.6%
was
67.6%
loverboy
67.6%
hailin'
66.2%
way
66.2%
won't
66.2%
anymore.
66.2%
finally
66.2%
with
65.8%
aurora's
64.8%
forever.
64.8%
LYRICS % Correct
kept
64.8%
I'd
64.8%
off.
64.8%
faces
63.4%
spinnin',
63.4%
set
63.4%
hear
63.4%
oughta
63.4%
life's
63.4%
lights,
62%
just
62%
think
62%
ever
62%
didn't
60.6%
herself
60.6%
under
60.6%
left
59.2%
stranded
59.2%
dance
59.2%
bangin'
59.2%
pleasure
59.2%
machines.
59.2%
Tilt-a-Whirl
59.2%
stony
57.7%
dark.
57.7%
from
57.7%
Latin lovers
57.7%
skins
57.7%
tired
57.7%
jeans.
57.7%
switchblade
56.3%
lovers,
56.3%
open
56.3%
high
56.3%
where
56.3%
white.
56.3%
lost
56.3%
desire
56.3%
past
54.9%
shore,
54.9%
pier
54.9%
sleepin'
54.9%
dusty
54.9%
arcades,
54.9%
seein'
54.9%
saw
54.9%
say
54.9%
star
54.9%
one
54.9%
seaside
54.9%
saw
54.9%
New
53.5%
heels,
53.5%
promised
53.5%
unsnap
53.5%
Pinball Way
52.1%
shirts
52.1%
hangin'
52.1%
waitress
52.1%
wizards
50.7%
play
50.7%
casino
50.7%
York
50.7%
our
50.7%
chasin'
50.7%
Chasin'
50.7%
forcin'
49.3%
warm
49.3%
South Beach
49.3%
bars,
49.3%
fast,
47.9%
sharp,
47.9%
These
47.9%
always
47.9%
as
46.5%
factory
46.5%
silly
46.5%
shiny,
45.1%
into
45.1%
drag,
45.1%
boppin'
45.1%
dressed
45.1%
streets
43.7%
radio.
43.7%
cheap
43.7%
score.
42.3%
circuit's
40.8%
greasers,
40.8%
or
40.8%
full
39.4%
Now
39.4%
underneath
39.4%
kids
39.4%
virgins
38%
spoke
38%
worked
38%
joint
36.6%
by
35.2%
tramp
32.4%
parked
25.4%

You're not logged in!

Compare scores with friends on all Sporcle quizzes.
Join for Free
OR
Log In

You Might Also Like...

Show Comments

Extras

Top Quizzes Today


Score Distribution

Your Account Isn't Verified!

In order to create a playlist on Sporcle, you need to verify the email address you used during registration. Go to your Sporcle Settings to finish the process.

Report this User

Report this user for behavior that violates our Community Guidelines.

Details: